Pokémon - Les attaques de Bargantua - Statistiques

Statistiques générales
  • Ce quiz a été pris 15 fois
  • Le résultat moyen est 13 sur 16
Statistiques - réponses
Niveaux Types Noms des attaques % Correct
Niveau 12 Eau Aqua-Jet
100%
Niveau 36 Normal Bélier
100%
Niveau 4 Normal Charge
100%
Niveau 52 Normal Damoclès
100%
Niveau 32 Ténèbres Mâchouille
100%
Niveau 16 Ténèbres Morsure
100%
Départ Eau Pistolet à O
100%
Niveau 28 Eau Détrempage
89%
Niveau 56 Roche Fracass'Tête
89%
Départ Normal Mimi-Queue
89%
Niveau 44 Eau Aquatacle
78%
Niveau 8 Normal Gigotage
78%
Niveau 24 Normal Coup d'Boule
67%
Niveau 40 Combat Tout ou Rien
67%
Niveau 20 Normal Grimace
44%
Niveau 48 Normal Mania
44%
Aucun quiz correspondant
Distribution des résultats
% des personnes avec chaque résultat
Percentile par nombre de réponses
Votre historique - résultats
Vous n’avez pas pris ce quiz